Ciudades de Andalucía - ¡Muerte súbita! - Estadísticas

Estadísticas generales
  • Esta prueba ha sido intentada 170 veces
  • La puntuación promedio es 21 de 28
Answers on the Grid
Answers color-coded by a green-red scale on the quiz's grid according to % correct below.
Albacete
Alcalá de Guadaíra
Alcalá de Henares
Algeciras
Almendralejo
Almería
Antequera
Astorga
Baeza
Benalmádena
Cádiz
Carmona
Córdoba
Don Benito
Dos Hermanas
El Ejido
Elche
Estepa
Faro
Granada
Guadix
Huelva
Jaca
Jaén
Jerez de la Frontera
Linares
Lorca
Málaga
Marbella
Mataró
Mijas
Motril
Olivenza
Rota
San Fernando
Sevilla
Tánger
Tarifa
Torremolinos
Úbeda
 
Estadísticas de respuestas
Respuesta % Correcto
Almería
93%
Antequera
89%
Cádiz
89%
Córdoba
87%
Algeciras
86%
Benalmádena
84%
Dos Hermanas
82%
Jerez de la Frontera
80%
Alcalá de Guadaíra
79%
Granada
79%
Huelva
79%
Jaén
78%
Linares
76%
Marbella
75%
Baeza
71%
Carmona
71%
El Ejido
71%
Málaga
71%
Sevilla
71%
Tarifa
70%
Estepa
68%
Rota
68%
Torremolinos
67%
Mijas
65%
Motril
65%
Úbeda
65%
Guadix
64%
San Fernando
62%
No se encontraron pruebas coincidentes
Distribución de puntuación
Porcentaje de gente con cada puntuación
Porcentaje por número respondido
Historial de tus puntuaciones
No has intentado esta prueba.